| 000 | 02678nam0a2200397 4500 | ||
|---|---|---|---|
| 001 | RU\NLR\bibl\880020 | ||
| 005 | 20260409073001.0 | ||
| 010 |
_b5-94009-023-9 _91000 |
||
| 021 |
_aRU _b2005-50093 _92438 |
||
| 035 | _a(nilc)RSL-KNO-002691487 | ||
| 035 | _a(NLR Aleph) 000868594 | ||
| 090 |
_a1585129 _c1585128 |
||
| 100 | _a20050803d2005 |||y0rusy50 ca | ||
| 101 | 0 | _arus | |
| 102 | _aRU | ||
| 105 | _aa ||||||||| | ||
| 106 | _ar | ||
| 200 | 1 |
_aВоспроизводство научной элиты в России : роль зарубежных научных фондов _e(на примере Фонда имени А. Гумбольдта) _fРос. независимый ин-т соц. и нац. проблем при поддержке Моск. обществ. науч. фонда и Фонда им. А. Гумбольдта _g[под ред. Чепуренко А. Ю., Гохберга Л. М.] |
|
| 210 |
_aМ. _cФрантэра _d2005 _gТип. ООО Франтэра |
||
| 215 |
_a232 с. _cил., табл. _d20 |
||
| 320 | _aБиблиогр.: с. 177-180 и в подстроч. прим. | ||
| 606 |
_aНаука _yРоссийская Федерация _3RU\NLR\auth\661249791 _92074776 |
||
| 610 | 0 | _aКультура. Наука. Просвещение -- Наука. Научно-исследовательская работа -- Учёные. Научные работники -- Российская Федерация -- Подготовка научных работников | |
| 610 | 0 | _aКультура. Наука. Просвещение -- Наука. Научно-исследовательская работа -- Наука -- ФРГ -- Сеть научных учреждений. Типы научных учреждений и организаций. Отдельные научные учреждения и организации -- Научные общества и объединения | |
| 686 |
_aЧ216(2)24,0 _2rubbk |
||
| 686 |
_aЧ214(4Ф)75,0 _2rubbk |
||
| 686 | _aЧ214(2Р) | ||
| 702 | 1 |
_aЧепуренко _bА. Ю. _gАлександр Юльевич _4340 |
|
| 712 | 0 | 2 |
_4570 _aРоссийский независимый институт социальных и национальных проблем _3RU\NLR\AUTH\886465 _9284775 |
| 801 | 0 |
_aRU _bRuMoRKP _c20050803 _grcr |
|
| 801 | 1 |
_aRU _bRuMoRGB _c20050803 |
|
| 801 | 2 |
_aRU _bNLR _c20051128 _grcr |
|
| 942 | _cBOOK | ||
| 980 | _aNB | ||